[Event "2025 Welsh Closed Chess Championship"]
[Site "Mercure Cardiff North Hotel, Circle Way East, Llanedeyrn, Cardiff CF23 9XF"]
[Date "2025.04.18"]
[Round "1"]
[Board "1"]
[White "Camacho Collados, Jose"]
[Black "Fathallah, Joe"]
[Result "1-0"]
[WhiteElo "2316"]
[BlackElo "1979"]
[PlyCount "69"]
[GameId "2191924834480140"]
[EventDate "2025.04.18"]
[EventRounds "7"]
[EventCountry "WLS"]

1. Nf3 Nf6 2. d4 e6 3. Bg5 d5 4. Nbd2 c5 5. e3 Nbd7 6. c3 h6 7. Bh4 Be7 8. Bd3 O-O 9. O-O b6 10. Ne5 Nxe5 11. dxe5 Nd7 12. Bxe7 Qxe7 13. f4 f6 14. exf6 Qxf6 15. Nf3 Bb7 16. Qe1 a6 17. Qg3 Bc6 18. Bc2 b5 19. h4 a5 20. Ne5 Rac8 21. Ng4 Qe7 22. Nxh6+ Kh8 23. Ng4 Qf7 24. h5 e5 25. Bg6 exf4 26. exf4 Qe6 27. Rae1 Qd6 28. Ne5 Nxe5 29. fxe5 Qe6 30. Qg5 Qg8 31. h6 Rxf1+ 32. Rxf1 Rf8 33. hxg7+ Qxg7 34. Rxf8+ Qxf8 35. Qh5+ 1-0

[Event "2025 Welsh Closed Chess Championship"]
[Site "Mercure Cardiff North Hotel, Circle Way East, Llanedeyrn, Cardiff CF23 9XF"]
[Date "2025.04.18"]
[Round "1"]
[Board "2"]
[White "Jukes, Sam"]
[Black "Toczek, Grzegorz"]
[Result "0-1"]
[WhiteElo "1951"]
[BlackElo "2233"]
[PlyCount "66"]
[GameId "2191924841111565"]
[EventDate "2025.04.18"]
[EventRounds "7"]
[EventCountry "WLS"]

1. e4 Nc6 2. Nf3 d6 3. d4 Bg4 4. d5 Nb8 5. Be3 Nf6 6. Nbd2 g6 7. h3 Bxf3 8. gxf3 Bg7 9. c4 Nbd7 10. f4 e6 11. Qc2 O-O 12. O-O-O c6 13. dxe6 fxe6 14. Nf3 Qe7 15. Kb1 d5 16. f5 dxe4 17. fxe6 exf3 18. exd7 Nxd7 19. h4 Ne5 20. h5 Rad8 21. Rxd8 Rxd8 22. Bxa7 c5 23. Bb6 Rd4 24. Ba5 Qd6 25. a3 Nc6 26. Bc3 Rd1+ 27. Ka2 Bxc3 28. Qxc3 Nd4 29. hxg6 hxg6 30. b3 Qe5 31. Qe3 Qxe3 32. fxe3 Nf5 33. Rg1 Kg7 0-1

[Event "2025 Welsh Closed Chess Championship"]
[Site "Mercure Cardiff North Hotel, Circle Way East, Llanedeyrn, Cardiff CF23 9XF"]
[Date "2025.04.18"]
[Round "1"]
[Board "3"]
[White "Harakis, Alexis M"]
[Black "Van Kemenade, Rudy"]
[Result "1-0"]
[WhiteElo "2224"]
[BlackElo "1945"]
[PlyCount "67"]
[GameId "2191924841127950"]
[EventDate "2025.04.18"]
[EventRounds "7"]
[EventCountry "WLS"]

1. d4 Nf6 2. c4 g6 3. Nc3 Bg7 4. e4 d6 5. Be2 O-O 6. Be3 e5 7. d5 a5 8. h4 h5 9. f3 Na6 10. Nh3 Bxh3 11. Rxh3 c6 12. Qd2 cxd5 13. cxd5 Nc5 14. O-O-O a4 15. Nb5 Qd7 16. Kb1 Rfc8 17. Rhh1 Kh7 18. Rc1 Ne8 19. g4 hxg4 20. h5 Kg8 21. hxg6 fxg6 22. Na3 gxf3 23. Bxf3 Nf6 24. Qg2 Nd3 25. Rxc8+ Rxc8 26. Qxg6 Qe8 27. Qf5 Nf4 28. Rg1 Kf8 29. Nb5 Rd8 30. Bxf4 Qxb5 31. Bh6 Qd3+ 32. Ka1 Rd7 33. Qxf6+ Rf7 34. Qd8# 1-0

[Event "2025 Welsh Closed Chess Championship"]
[Site "Mercure Cardiff North Hotel, Circle Way East, Llanedeyrn, Cardiff CF23 9XF"]
[Date "2025.04.18"]
[Round "1"]
[Board "4"]
[White "Binks, Michael"]
[Black "Blackburn, Jonathan L B"]
[Result "0-1"]
[WhiteElo "1937"]
[BlackElo "2205"]
[PlyCount "108"]
[GameId "2191924841140239"]
[EventDate "2025.04.18"]
[EventRounds "7"]
[EventCountry "WLS"]

1. d4 Nf6 2. c4 e6 3. Nc3 Bb4 4. a3 Bxc3+ 5. bxc3 O-O 6. Bg5 h6 7. Bxf6 Qxf6 8. Nf3 d6 9. e3 e5 10. Be2 c5 11. O-O Nc6 12. d5 Na5 13. Nd2 Bf5 14. e4 Bc8 15. Bg4 Qg5 16. Bxc8 Raxc8 17. Qe2 g6 18. Rae1 Rce8 19. Qe3 Qxe3 20. Rxe3 f5 21. f4 exf4 22. Rxf4 g5 23. Rf1 Re5 24. Ref3 f4 25. g3 Kg7 26. gxf4 gxf4 27. Rxf4 Rg5+ 28. Kh1 Rxf4 29. Rxf4 a6 30. a4 h5 31. Rf3 b6 32. Rg3 Rxg3 33. hxg3 Kf6 34. Kg2 Kg6 35. Kf3 Kg5 36. Ke3 Nb7 37. Nf3+ Kg4 38. Kf2 Na5 39. Nd2 Kg5 40. Kf3 Nb7 41. Nf1 Nd8 42. Ne3 Nf7 43. Ke2 Ne5 44. Kd2 Kf6 45. Ke2 Kg5 46. Kd2 Kg6 47. Kc2 Kf6 48. Kb3 Nf3 49. Kc2 Ng5 50. Nf5 Nxe4 51. Nh4 Nxg3 52. Kd3 Kg5 53. Nf3+ Kf4 54. Nh2 h4 0-1

[Event "2025 Welsh Closed Chess Championship"]
[Site "Mercure Cardiff North Hotel, Circle Way East, Llanedeyrn, Cardiff CF23 9XF"]
[Date "2025.04.18"]
[Round "1"]
[Board "5"]
[White "Bullen, Alex"]
[Black "Davis, Lee"]
[Result "1/2-1/2"]
[WhiteElo "2160"]
[BlackElo "1905"]
[PlyCount "172"]
[GameId "2191924841152528"]
[EventDate "2025.04.18"]
[EventRounds "7"]
[EventCountry "WLS"]

1. e4 g6 2. d4 d6 3. Nf3 Bg7 4. Nc3 Nf6 5. Be3 a6 6. a4 b6 7. h3 Bb7 8. Bd3 O-O 9. Qd2 c5 10. d5 Nbd7 11. Bh6 Ne8 12. h4 Ndf6 13. h5 Ng4 14. Bxg7 Kxg7 15. hxg6 hxg6 16. Qg5 Nef6 17. Nh4 Bc8 18. f3 Nh7 19. Qd2 Ngf6 20. Nxg6 fxg6 21. Qh6+ Kf7 22. e5 Bf5 23. exf6 Nxf6 24. Qe3 Qd7 25. Kd2 Bxd3 26. Qxd3 Qf5 27. Rae1 Qxd3+ 28. Kxd3 Rh8 29. g4 g5 30. Kc4 Rab8 31. Rhf1 Rh4 32. Re3 Rb7 33. Rfe1 Rh2 34. R1e2 Rxe2 35. Rxe2 Rb8 36. Rh2 Kg7 37. Kd3 b5 38. axb5 axb5 39. Ne4 Nxe4 40. Kxe4 Rf8 41. c3 Kg6 42. Rh1 Ra8 43. Kd3 Rf8 44. Ke3 Ra8 45. f4 gxf4+ 46. Kxf4 Ra4+ 47. Kf3 Ra2 48. Rh2 Kg5 49. Re2 Kf6 50. Kf4 Ra4+ 51. Re4 Ra2 52. g5+ Kf7 53. Re2 Ra1 54. Kf5 Rf1+ 55. Ke4 Kg6 56. Kd3 Rf3+ 57. Ke4 Rf5 58. Rd2 Rxg5 59. Kf4 Kf6 60. b3 Rh5 61. Ke4 Rh4+ 62. Kd3 c4+ 63. bxc4 bxc4+ 64. Kc2 Re4 65. Kb2 Ke5 66. Ka3 e6 67. dxe6 Kxe6 68. Rh2 Kd7 69. Kb2 Kc6 70. Rh5 Re5 71. Rh4 Kc5 72. Rd4 Rd5 73. Rh4 Rd2+ 74. Kc1 Rg2 75. Rh5+ d5 76. Rh6 Rg5 77. Kc2 Rg2+ 78. Kc1 Kb5 79. Rf6 Ka5 80. Rf5 Ka4 81. Rxd5 Kb3 82. Rh5 Kxc3 83. Rh3+ Kb4 84. Rf3 c3 85. Rf8 Kb3 86. Rb8+ Kc4 1/2-1/2

[Event "2025 Welsh Closed Chess Championship"]
[Site "Mercure Cardiff North Hotel, Circle Way East, Llanedeyrn, Cardiff CF23 9XF"]
[Date "2025.04.18"]
[Round "1"]
[Board "6"]
[White "Thomas, Roy"]
[Black "Kett, Tim"]
[Result "0-1"]
[WhiteElo "1855"]
[BlackElo "2089"]
[PlyCount "98"]
[GameId "2191924841168913"]
[EventDate "2025.04.18"]
[EventRounds "7"]
[EventCountry "WLS"]

1. c4 e5 2. Nc3 Nf6 3. g3 Nc6 4. Bg2 g6 5. e3 Bg7 6. Nge2 O-O 7. O-O d6 8. a3 Be6 9. Nd5 Qd7 10. d3 Nh5 11. Rb1 Rae8 12. b4 Nd8 13. b5 f5 14. f4 c6 15. bxc6 bxc6 16. Nb4 a5 17. Nc2 Nf6 18. Ne1 e4 19. Qa4 exd3 20. Nxd3 Ne4 21. Rd1 Qf7 22. c5 dxc5 23. Bxe4 fxe4 24. Nxc5 Bg4 25. Kf2 Qf5 26. Qc4+ Kh8 27. Bb2 Bxe2 28. Bxg7+ Kxg7 29. Rd7+ Kh6 30. Kxe2 Qh5+ 31. Kd2 Rf5 32. Nb7 Rd5+ 33. Rxd5 cxd5 34. Qe2 Qh3 35. Nxd8 Rxd8 36. Rb7 d4 37. exd4 Rxd4+ 38. Kc3 Rd3+ 39. Kb2 Qc8 40. Rb3 Qh8+ 41. Kc2 Qc8+ 42. Kb2 Rd4 43. Qe3 Qd7 44. Rc3 Rd2+ 45. Rc2 Qb5+ 46. Kc1 Rd3 47. Qxe4 Rxa3 48. f5 Qf1+ 49. Kb2 Qa1# 0-1

[Event "2025 Welsh Closed Chess Championship"]
[Site "Mercure Cardiff North Hotel, Circle Way East, Llanedeyrn, Cardiff CF23 9XF"]
[Date "2025.04.18"]
[Round "1"]
[Board "7"]
[White "Cave, Iwan"]
[Black "Turner, Joseph David"]
[Result "1-0"]
[WhiteElo "2056"]
[BlackElo "1819"]
[PlyCount "65"]
[GameId "2191924841177106"]
[EventDate "2025.04.18"]
[EventRounds "7"]
[EventCountry "WLS"]

1. Nf3 Nf6 2. e3 d5 3. c4 a6 4. cxd5 Nxd5 5. Bc4 b5 6. Bb3 c5 7. O-O c4 8. Bc2 g6 9. d4 Bg7 10. a4 Bb7 11. axb5 axb5 12. Rxa8 Bxa8 13. Na3 Qd7 14. Nxb5 O-O 15. Nc3 Nb4 16. Be4 N8a6 17. Bxa8 Rxa8 18. b3 Qc7 19. Bd2 Rb8 20. bxc4 Qxc4 21. Qa4 Qd3 22. h3 e5 23. dxe5 Bxe5 24. Nxe5 Qxd2 25. Ne4 Qc2 26. Qxc2 Nxc2 27. Rd1 Rb5 28. Nxf7 Nab4 29. Nfg5 Rf5 30. Rd8+ Kg7 31. g4 Ra5 32. Rd7+ Kf8 33. Ne6+ 1-0

[Event "2025 Welsh Closed Chess Championship"]
[Site "Mercure Cardiff North Hotel, Circle Way East, Llanedeyrn, Cardiff CF23 9XF"]
[Date "2025.04.18"]
[Round "1"]
[Board "8"]
[White "Kong, Emma Zihan"]
[Black "Szakmany, Bence"]
[Result "0-1"]
[WhiteElo "1818"]
[BlackElo "2017"]
[PlyCount "76"]
[GameId "2191924841193491"]
[EventDate "2025.04.18"]
[EventRounds "7"]
[EventCountry "WLS"]

1. d4 Nf6 2. c4 e6 3. g3 d5 4. Bg2 Nbd7 5. Nf3 dxc4 6. O-O c6 7. Qc2 b5 8. Nc3 Bb7 9. Rd1 Be7 10. e4 O-O 11. Bf4 Rc8 12. Ne5 Nxe5 13. Bxe5 Qb6 14. a4 a6 15. axb5 cxb5 16. d5 Rfd8 17. Bd4 Bc5 18. Bxf6 gxf6 19. Qe2 Bf8 20. Qg4+ Bg7 21. Ne2 f5 22. exf5 exf5 23. Qxf5 Qg6 24. Qxg6 hxg6 25. Rd2 Rd6 26. Rad1 Rcd8 27. g4 b4 28. Rc2 Bxd5 29. Rcd2 Bxg2 30. Rxd6 Rxd6 31. Rxd6 Bf3 32. Nf4 Be5 33. Rd8+ Kg7 34. Nd5 Bxd5 35. Rxd5 Bxb2 36. Rc5 c3 37. Kf1 b3 38. Ke2 c2 0-1

[Event "2025 Welsh Closed Chess Championship"]
[Site "Mercure Cardiff North Hotel, Circle Way East, Llanedeyrn, Cardiff CF23 9XF"]
[Date "2025.04.18"]
[Round "1"]
[Board "9"]
[White "Musson, Adam J"]
[Black "Tuson, Jon"]
[Result "1-0"]
[WhiteElo "2012"]
[BlackElo "1806"]
[PlyCount "69"]
[GameId "2191924841205780"]
[EventDate "2025.04.18"]
[EventRounds "7"]
[EventCountry "WLS"]

1. e4 d6 2. d4 Nf6 3. Nc3 g6 4. Bf4 c6 5. Qd2 b5 6. Bd3 Nbd7 7. Nf3 Bg7 8. O-O O-O 9. h3 b4 10. Ne2 c5 11. e5 Nh5 12. exd6 Nxf4 13. Qxf4 cxd4 14. Nexd4 e5 15. Qe4 Nb6 16. Nb5 a6 17. Nc7 Rb8 18. Qxb4 Bb7 19. Nd2 Nd5 20. Nxd5 Bxd5 21. Qc5 Bxg2 22. Kxg2 Qg5+ 23. Kh1 Qxd2 24. Rad1 Qf4 25. Qe3 Qa4 26. b3 Qd7 27. Bc4 Rfe8 28. Rfe1 Rbd8 29. Kg2 a5 30. Qe4 Bf8 31. a4 Bxd6 32. Bb5 Qe7 33. Bxe8 Rxe8 34. Rd3 f5 35. Qd5+ 1-0

[Event "2025 Welsh Closed Chess Championship"]
[Site "Mercure Cardiff North Hotel, Circle Way East, Llanedeyrn, Cardiff CF23 9XF"]
[Date "2025.04.18"]
[Round "1"]
[Board "10"]
[White "Shevchenko, Danylo"]
[Black "Spice, Alan"]
[Result "0-1"]
[WhiteElo "1757"]
[BlackElo "1999"]
[PlyCount "48"]
[GameId "2191924841218069"]
[EventDate "2025.04.18"]
[EventRounds "7"]
[EventCountry "WLS"]

1. e4 e6 2. d4 d5 3. e5 c5 4. c3 Nc6 5. Nf3 Qb6 6. Be2 cxd4 7. cxd4 Nh6 8. Bxh6 Qxb2 9. Nbd2 gxh6 10. O-O Nxd4 11. Qa4+ Nc6 12. Rab1 Qa3 13. Qb5 a6 14. Qb6 Bc5 15. Qc7 O-O 16. Rfc1 Rd8 17. Nb3 Rd7 18. Qxd7 Bxf2+ 19. Kxf2 Bxd7 20. Nc5 Bc8 21. Rc2 Qa5 22. Nxb7 Bxb7 23. Rxb7 Ra7 24. Rbb2 Rc7 0-1

[Event "2025 Welsh Closed Chess Championship"]
[Site "Mercure Cardiff North Hotel, Circle Way East, Llanedeyrn, Cardiff CF23 9XF"]
[Date "2025.04.18"]
[Round "1"]
[Board "11"]
[White "Young, Alan"]
[Black "Mckenna, Joshua"]
[Result "1-0"]
[WhiteElo "1991"]
[BlackElo "1705"]
[PlyCount "63"]
[GameId "2191924841226262"]
[EventDate "2025.04.18"]
[EventRounds "7"]
[EventCountry "WLS"]

1. e4 c6 2. c4 d5 3. exd5 cxd5 4. cxd5 Nf6 5. Nc3 Nxd5 6. Nf3 Nc6 7. Bb5 e6 8. O-O Be7 9. Re1 O-O 10. d4 Bd7 11. Bd3 Nf6 12. a3 Rc8 13. Bc2 Be8 14. Qd3 h6 15. Ne4 Nxe4 16. Qxe4 f5 17. Qxe6+ Bf7 18. Qxf5 g6 19. Qg4 h5 20. Qf4 Bf6 21. Be3 Bg7 22. Qg3 Ne7 23. Bg5 Re8 24. Bxe7 Rxe7 25. Rxe7 Rxc2 26. Rxf7 Kxf7 27. Ng5+ Ke7 28. Re1+ Kd7 29. Qh3+ Kc6 30. Qb3 Qxg5 31. Qxc2+ Kd7 32. Qe4 1-0

[Event "2025 Welsh Closed Chess Championship"]
[Site "Mercure Cardiff North Hotel, Circle Way East, Llanedeyrn, Cardiff CF23 9XF"]
[Date "2025.04.18"]
[Round "1"]
[Board "12"]
[White "Korovski, Georgi"]
[Black "Pleasants, Allan J"]
[Result "1/2-1/2"]
[WhiteElo "1697"]
[BlackElo "1985"]
[PlyCount "95"]
[GameId "2191924841230359"]
[EventDate "2025.04.18"]
[EventRounds "7"]
[EventCountry "WLS"]

1. e4 g6 2. d4 Bg7 3. Nc3 d6 4. Be3 c6 5. Qd2 Qc7 6. h4 h5 7. Nh3 Bxh3 8. Rxh3 Nd7 9. Bc4 Ngf6 10. Bb3 b5 11. a3 a6 12. f4 Ng4 13. e5 d5 14. Qd3 e6 15. Nd1 Bf8 16. a4 Be7 17. axb5 cxb5 18. Nf2 Qc6 19. c3 Nb6 20. Bc1 Nc4 21. Bd1 Nh6 22. Rh1 Nf5 23. g3 Qb7 24. Bf3 Nxg3 25. Bxd5 Qxd5 26. Qxg3 a5 27. Qd3 Kd7 28. Rh3 a4 29. Ne4 Rhc8 30. Ng5 Bxg5 31. fxg5 Rc7 32. Qf3 Qxf3 33. Rxf3 Kc6 34. b3 Nb6 35. bxa4 Rxa4 36. Rxa4 bxa4 37. Kd1 Nc4 38. Kc2 Rb7 39. Rf2 Kd5 40. Kd3 Ra7 41. Ra2 a3 42. Bd2 Nxd2 43. Kxd2 Ke4 44. Ke2 Kf4 45. Kd3 Kg3 46. Ke4 Kxh4 47. Kf4 Kh3 48. Kf3 1/2-1/2

[Event "2025 Welsh Closed Chess Championship"]
[Site "Mercure Cardiff North Hotel, Circle Way East, Llanedeyrn, Cardiff CF23 9XF"]
[Date "2025.04.18"]
[Round "2"]
[Board "1"]
[White "Szakmany, Bence"]
[Black "Camacho Collados, Jose"]
[Result "0-1"]
[WhiteElo "2017"]
[BlackElo "2316"]
[PlyCount "104"]
[GameId "2191925172735092"]
[EventDate "2025.04.18"]
[EventRounds "7"]
[EventCountry "WLS"]

1. e4 c5 2. Nf3 Nc6 3. d4 cxd4 4. Nxd4 e5 5. Nb5 d6 6. N1c3 a6 7. Na3 Be7 8. Nd5 Nf6 9. Nxf6+ Bxf6 10. Bc4 O-O 11. O-O Rb8 12. Be3 Bg5 13. Bxg5 Qxg5 14. c3 b5 15. Bb3 Qg6 16. Nc2 Na5 17. Bd5 Nc4 18. b3 Nb6 19. f3 Nxd5 20. Qxd5 Bb7 21. Qd2 f5 22. exf5 Rxf5 23. Qe2 Rbf8 24. Kh1 Rh5 25. Ne3 Rf4 26. Rf2 Rfh4 27. g4 Rxg4 28. Nxg4 Qxg4 29. Qe3 Rf5 30. Raf1 h6 31. Qa7 Bd5 32. c4 bxc4 33. bxc4 Qxc4 34. Rg1 Rf7 35. Qb8+ Rf8 36. Qa7 g5 37. Qe3 Qf4 38. Qxf4 Rxf4 39. Rg3 g4 40. Kg1 Bxf3 41. Rfxf3 Rxf3 42. Rxg4+ Kf7 43. Ra4 Ke6 44. Rxa6 e4 45. Kg2 Ke5 46. h4 h5 47. Ra5+ d5 48. Ra4 Rc3 49. Ra8 d4 50. Kf2 Rc2+ 51. Ke1 Kf4 52. Kd1 d3 0-1

[Event "2025 Welsh Closed Chess Championship"]
[Site "Mercure Cardiff North Hotel, Circle Way East, Llanedeyrn, Cardiff CF23 9XF"]
[Date "2025.04.18"]
[Round "2"]
[Board "2"]
[White "Toczek, Grzegorz"]
[Black "Cave, Iwan"]
[Result "0-1"]
[WhiteElo "2233"]
[BlackElo "2056"]
[PlyCount "64"]
[GameId "2191925172747381"]
[EventDate "2025.04.18"]
[EventRounds "7"]
[EventCountry "WLS"]

1. e4 e5 2. d4 exd4 3. Nf3 Nc6 4. Bc4 Nf6 5. e5 d5 6. Bb5 Ne4 7. Nxd4 Bd7 8. Bxc6 bxc6 9. O-O Bc5 10. f3 Ng5 11. Be3 O-O 12. Nd2 Bb6 13. f4 Ne6 14. N2b3 Nxd4 15. Bxd4 Qe7 16. Qf3 c5 17. Bf2 c6 18. c4 Qe6 19. cxd5 cxd5 20. Bxc5 Bb5 21. Rf2 Bc4 22. Nd4 Qc8 23. Bxb6 axb6 24. b3 Qc5 25. Nf5 Bb5 26. Qg3 g6 27. Qg5 f6 28. exf6 Rxa2 29. f7+ Kxf7 30. Nd6+ Kg8 31. h4 Rxa1+ 32. Kh2 Qxd6 0-1

[Event "2025 Welsh Closed Chess Championship"]
[Site "Mercure Cardiff North Hotel, Circle Way East, Llanedeyrn, Cardiff CF23 9XF"]
[Date "2025.04.18"]
[Round "2"]
[Board "3"]
[White "Spice, Alan"]
[Black "Harakis, Alexis M"]
[Result "1/2-1/2"]
[WhiteElo "1999"]
[BlackElo "2224"]
[PlyCount "79"]
[GameId "2191925172755574"]
[EventDate "2025.04.18"]
[EventRounds "7"]
[EventCountry "WLS"]

1. Nc3 e6 2. d4 d5 3. e4 h6 4. Nf3 Nf6 5. e5 Ne4 6. Bd3 Bb4 7. O-O Nxc3 8. bxc3 Bxc3 9. Rb1 a5 10. Rb3 Bb4 11. c4 dxc4 12. Bxc4 Nd7 13. d5 Nb6 14. Bb5+ Bd7 15. Bxd7+ Qxd7 16. a3 Be7 17. d6 Bd8 18. Be3 Nd5 19. Rxb7 Nxe3 20. fxe3 Qc6 21. Qb3 a4 22. Qb2 Rc8 23. Nd4 Qd7 24. Rc1 O-O 25. Nc6 Bg5 26. Qd4 f5 27. h4 Bd8 28. Qxa4 Qe8 29. Ne7+ Bxe7 30. d7 Qg6 31. dxc8=Q Rxc8 32. Qd7 Re8 33. Rcxc7 Kh7 34. a4 Qg3 35. Qd4 Rd8 36. Rxe7 Qe1+ 37. Kh2 Rxd4 38. Rxg7+ Kh8 39. exd4 Qxh4+ 40. Kg1 1/2-1/2

[Event "2025 Welsh Closed Chess Championship"]
[Site "Mercure Cardiff North Hotel, Circle Way East, Llanedeyrn, Cardiff CF23 9XF"]
[Date "2025.04.18"]
[Round "2"]
[Board "4"]
[White "Blackburn, Jonathan L B"]
[Black "Musson, Adam J"]
[Result "1/2-1/2"]
[WhiteElo "2205"]
[BlackElo "2012"]
[PlyCount "101"]
[GameId "2191925172780151"]
[EventDate "2025.04.18"]
[EventRounds "7"]
[EventCountry "WLS"]

1. d4 Nf6 2. c4 e6 3. Nf3 d5 4. Nc3 Nbd7 5. Bf4 Bb4 6. a3 Bxc3+ 7. bxc3 dxc4 8. Qa4 Nd5 9. Bg5 f6 10. Bc1 N5b6 11. Qb5 O-O 12. e4 a6 13. Qh5 Qe8 14. Qxe8 Rxe8 15. a4 a5 16. Be3 Nf8 17. Nd2 Bd7 18. Nxc4 Nxa4 19. Kd2 b5 20. Na3 c6 21. Nc4 e5 22. Bd3 exd4 23. cxd4 Be6 24. Nd6 Red8 25. e5 Bd5 26. f4 Nb2 27. Nb7 Nxd3 28. Nxd8 Rxd8 29. Kxd3 a4 30. exf6 gxf6 31. Rhg1 Ne6 32. g4 Bb3 33. Kc3 Nc7 34. f5 Nd5+ 35. Kd2 Nb6 36. g5 Nc4+ 37. Kd3 Nxe3 38. Kxe3 fxg5 39. Rxg5+ Kf8 40. f6 Rd6 41. Rg7 Rxf6 42. Rxh7 Bd5 43. Ra7 Rf3+ 44. Kd2 Rf2+ 45. Kc3 Rxh2 46. Rf1+ Kg8 47. Re1 Rf2 48. Kb4 Rf7 49. Ree7 Rxe7 50. Rxe7 Kf8 51. Rd7 1/2-1/2

[Event "2025 Welsh Closed Chess Championship"]
[Site "Mercure Cardiff North Hotel, Circle Way East, Llanedeyrn, Cardiff CF23 9XF"]
[Date "2025.04.18"]
[Round "2"]
[Board "5"]
[White "Kett, Tim"]
[Black "Beeston, Darson"]
[Result "1-0"]
[WhiteElo "2089"]
[BlackElo "1692"]
[PlyCount "39"]
[GameId "2191925172792440"]
[EventDate "2025.04.18"]
[EventRounds "7"]
[EventCountry "WLS"]

1. e4 e5 2. f4 Nc6 3. Nc3 exf4 4. Nf3 Nf6 5. d4 d5 6. exd5 Nxd5 7. Nxd5 Qxd5 8. Bxf4 Bd6 9. Bxd6 Qxd6 10. Be2 Bf5 11. c3 O-O 12. O-O Rfe8 13. Ne5 Nxe5 14. Rxf5 g6 15. Rxe5 Rxe5 16. dxe5 Qb6+ 17. Qd4 Qxb2 18. Re1 Qxa2 19. Bc4 Qa5 20. e6 1-0

[Event "2025 Welsh Closed Chess Championship"]
[Site "Mercure Cardiff North Hotel, Circle Way East, Llanedeyrn, Cardiff CF23 9XF"]
[Date "2025.04.18"]
[Round "2"]
[Board "6"]
[White "Freeland, Alex"]
[Black "Young, Alan"]
[Result "1/2-1/2"]
[WhiteElo "2018"]
[BlackElo "1991"]
[PlyCount "92"]
[GameId "2191925172800633"]
[EventDate "2025.04.18"]
[EventRounds "7"]
[EventCountry "WLS"]

1. d4 Nf6 2. c4 e6 3. Nc3 Bb4 4. f3 d5 5. a3 Bxc3+ 6. bxc3 O-O 7. Bg5 Nbd7 8. e4 dxe4 9. fxe4 h6 10. Bxf6 Qxf6 11. Nf3 e5 12. Bd3 exd4 13. cxd4 c5 14. e5 Qf4 15. O-O cxd4 16. Re1 Nc5 17. g3 Qg4 18. Be2 d3 19. Bxd3 Rd8 20. Bh7+ Kxh7 21. Qxd8 Bd7 22. Qxa8 Qxf3 23. Rad1 Bc6 24. Rd5 Nd3 25. Rf1 Qe3+ 26. Kg2 Qe4+ 27. Kg1 Qxc4 28. Rxd3 Qxd3 29. Qxa7 Qe4 30. Kf2 Qxe5 31. Re1 Qf5+ 32. Ke2 Qc2+ 33. Ke3 Qc3+ 34. Ke2 Bb5+ 35. Kd1 Qd3+ 36. Kc1 Qc3+ 37. Kd1 Qd3+ 38. Kc1 Qc4+ 39. Kb2 Ba4 40. Qe3 Qc2+ 41. Ka1 g6 42. Re2 Qd1+ 43. Kb2 Qd5 44. Rd2 Qb5+ 45. Ka2 Qc4+ 46. Kb2 Qb5+ 1/2-1/2

[Event "2025 Welsh Closed Chess Championship"]
[Site "Mercure Cardiff North Hotel, Circle Way East, Llanedeyrn, Cardiff CF23 9XF"]
[Date "2025.04.18"]
[Round "2"]
[Board "7"]
[White "Pleasants, Allan J"]
[Black "Bullen, Alex"]
[Result "0-1"]
[WhiteElo "1985"]
[BlackElo "2160"]
[PlyCount "96"]
[GameId "2191925172808826"]
[EventDate "2025.04.18"]
[EventRounds "7"]
[EventCountry "WLS"]

1. e4 c6 2. c4 d5 3. cxd5 cxd5 4. exd5 Nf6 5. Bb5+ Nbd7 6. Nc3 g6 7. Nf3 Bg7 8. O-O O-O 9. Re1 Nb6 10. d4 a6 11. Bf1 Nbxd5 12. Ne5 Be6 13. Na4 Nd7 14. Nxd7 Bxd7 15. Nc5 Bc6 16. h4 Nf6 17. Bg5 h6 18. Bf4 Nd7 19. Nd3 e6 20. h5 g5 21. Bd6 Re8 22. Ne5 Nf6 23. Bb4 Bd5 24. b3 b5 25. Rc1 Rc8 26. Bc5 Ne4 27. Bd3 Bxe5 28. Bxe4 Bf4 29. Rc2 Bxe4 30. Rxe4 Qd5 31. Qe1 Red8 32. g3 Bd6 33. b4 Bb8 34. Rce2 Qf5 35. g4 Qd5 36. Qb1 Rc6 37. Qb3 Qd7 38. Qf3 Bf4 39. Qb3 Qc8 40. Qf3 Qc7 41. Kg2 Rd5 42. Qb3 Qd7 43. Re1 Kg7 44. Qf3 Bb8 45. Re5 Bxe5 46. dxe5 Rdxc5 47. bxc5 Rxc5 48. Rd1 Qc6 0-1

[Event "2025 Welsh Closed Chess Championship"]
[Site "Mercure Cardiff North Hotel, Circle Way East, Llanedeyrn, Cardiff CF23 9XF"]
[Date "2025.04.18"]
[Round "2"]
[Board "8"]
[White "Davis, Lee"]
[Black "Mcgregor, John"]
[Result "1/2-1/2"]
[WhiteElo "1905"]
[BlackElo "1868"]
[PlyCount "52"]
[GameId "2191925172812923"]
[EventDate "2025.04.18"]
[EventRounds "7"]
[EventCountry "WLS"]

1. d4 d5 2. c4 e6 3. g3 Nf6 4. Nf3 c5 5. Bg2 cxd4 6. O-O Nc6 7. Nxd4 Bc5 8. Nxc6 bxc6 9. Nc3 O-O 10. Bg5 h6 11. Bxf6 Qxf6 12. Rc1 Qe7 13. Qc2 Bd6 14. Rfd1 f5 15. Qd2 Bb7 16. cxd5 cxd5 17. Nxd5 Bxd5 18. Bxd5 Rad8 19. Bb3 Bxg3 20. Qe3 Rxd1+ 21. Rxd1 Bxh2+ 22. Kxh2 Qh4+ 23. Qh3 Qxf2+ 24. Qg2 Qh4+ 25. Qh3 Qf2+ 26. Qg2 Qh4+ 1/2-1/2

[Event "2025 Welsh Closed Chess Championship"]
[Site "Mercure Cardiff North Hotel, Circle Way East, Llanedeyrn, Cardiff CF23 9XF"]
[Date "2025.04.18"]
[Round "2"]
[Board "9"]
[White "Fathallah, Joe"]
[Black "Korovski, Georgi"]
[Result "1-0"]
[WhiteElo "1979"]
[BlackElo "1697"]
[PlyCount "145"]
[GameId "2191925172821116"]
[EventDate "2025.04.18"]
[EventRounds "7"]
[EventCountry "WLS"]

1. d4 c5 2. d5 Nf6 3. Nc3 g6 4. e4 d6 5. f4 Bg7 6. Bb5+ Nfd7 7. a4 a6 8. Bc4 O-O 9. Nf3 Nb6 10. Be2 Bg4 11. O-O N8d7 12. a5 Bxf3 13. Rxf3 Nc8 14. Qe1 b5 15. axb6 Qxb6 16. Rh3 Re8 17. Qh4 Nf8 18. f5 Qb7 19. fxg6 fxg6 20. Bh6 Bxh6 21. Qxh6 Nb6 22. Bg4 e6 23. dxe6 Nxe6 24. Nd5 Nxd5 25. exd5 Nf8 26. Rf1 Qg7 27. Qf4 Qe5 28. Qf7+ Kh8 29. Be6 Qg7 30. Re3 Re7 31. Qf4 Nxe6 32. dxe6 Qd4 33. Qxd4+ cxd4 34. Re4 Rae8 35. Rxd4 Rxe6 36. Rfd1 Kg7 37. Rxd6 Rxd6 38. Rxd6 Rc8 39. c3 Rb8 40. b4 Rc8 41. Rd3 Kf6 42. Kf2 Ke5 43. Ke3 g5 44. Kd2 g4 45. Re3+ Kf5 46. Re7 h5 47. Rf7+ Kg6 48. Rf4 Kg5 49. g3 Rd8+ 50. Rd4 Rf8 51. Rd5+ Kg6 52. Kc2 Rf2+ 53. Rd2 Rf5 54. Kd3 a5 55. bxa5 Rxa5 56. Rf2 Kg5 57. c4 h4 58. gxh4+ Kxh4 59. Kd4 Ra1 60. c5 Kh3 61. c6 Rh1 62. Rc2 Rxh2 63. Rxh2+ Kxh2 64. c7 g3 65. c8=Q g2 66. Qh8+ Kg3 67. Qe5+ Kf2 68. Qf4+ Ke2 69. Qg3 Kf1 70. Qf3+ Kg1 71. Ke3 Kh2 72. Qh5+ Kg3 73. Qd1 1-0

[Event "2025 Welsh Closed Chess Championship"]
[Site "Mercure Cardiff North Hotel, Circle Way East, Llanedeyrn, Cardiff CF23 9XF"]
[Date "2025.04.18"]
[Round "2"]
[Board "11"]
[White "Van Kemenade, Rudy"]
[Black "Kong, Emma Zihan"]
[Result "0-1"]
[WhiteElo "1945"]
[BlackElo "1818"]
[PlyCount "52"]
[GameId "2191925172841598"]
[EventDate "2025.04.18"]
[EventRounds "7"]
[EventCountry "WLS"]

1. d4 d5 2. Nf3 Nf6 3. g3 Bg4 4. Bg2 h6 5. O-O Qc8 6. Re1 h5 7. h4 g6 8. c4 c6 9. b3 Bg7 10. Ba3 O-O 11. Bxe7 Re8 12. Ba3 Ne4 13. Nbd2 Nc3 14. Qc2 Nxe2+ 15. Kf1 Nxd4 16. Nxd4 Bxd4 17. Rxe8+ Qxe8 18. Re1 Qd8 19. cxd5 cxd5 20. Re7 Nc6 21. Rxb7 Qf6 22. f3 Bf5 23. Qc1 Bd3+ 24. Ke1 Re8+ 25. Kd1 Qe6 26. Bf1 Qe1# 0-1